[Event "BL 1718 SV Hofheim - SV Mülheim Nord"]
[Site "?"]
[Date "2017.10.23"]
[Round "2.7"]
[White "Dinstuhl, Volkmar"]
[Black "Margolin, Boris"]
[Result "0-1"]
[WhiteElo "2393"]
[BlackElo "2376"]
[PlyCount "78"]
[EventDate "2017.??.??"]

1. d4 d5 2. c4 Bf5 3. Nf3 e6 4. Qb3 Nc6 5. Bd2 Rb8 6. e3 Nf6 7. Be2 Be7 8. O-O
h6 9. Rc1 O-O 10. Qd1 Ne4 11. Be1 Bf6 12. Nc3 Nxc3 13. Bxc3 a6 14. Bd3 Bxd3 15.
Qxd3 Qd6 16. cxd5 exd5 17. g3 Rfe8 18. a4 Ne7 19. Ba5 c6 20. Bb6 Ng6 21. Ra3
Re4 22. Nd2 Re6 23. Rb1 h5 24. b4 h4 25. Rc3 Rbe8 26. Nf1 Qd7 27. Bc5 Bd8 28.
b5 cxb5 29. axb5 b6 30. Ba3 a5 31. Rbc1 hxg3 32. hxg3 Rf6 33. Nd2 Qg4 34. Rc8
Rf5 35. Qf1 Rh5 36. Ra8 Kh7 37. Rcc8 Rxe3 38. Bd6 Re2 39. Rxd8 Rxd2 0-1

[Event "BL 1718 SV Hofheim - SV Mülheim Nord"]
[Site "?"]
[Date "2017.10.23"]
[Round "2.8"]
[White "Zude, Arno"]
[Black "Rezasade, Amir"]
[Result "1/2-1/2"]
[WhiteElo "2370"]
[BlackElo "2344"]
[PlyCount "146"]
[EventDate "2017.??.??"]

1. e4 c6 2. d4 d5 3. exd5 cxd5 4. c4 Nf6 5. Nc3 e6 6. Nf3 Be7 7. cxd5 exd5 8.
Bb5+ Bd7 9. Bxd7+ Nbxd7 10. O-O O-O 11. Qb3 Nb6 12. Re1 h6 13. Bf4 Rc8 14. Re2
Rc4 15. a3 Bd6 16. Be5 Bxe5 17. dxe5 Ne4 18. Nb5 a6 19. Nbd4 Qc7 20. Qe3 Rc8
21. Ree1 Rc5 22. Rad1 Nc4 23. Qe2 Qb6 24. b4 R5c7 25. Rd3 Re8 26. h3 Nxe5 27.
Nxe5 Rxe5 28. Nf3 Rf5 29. Qb2 Nf6 30. g3 Ne4 31. Kg2 h5 32. Re2 Qb5 33. Rde3
Qb6 34. Rd3 Rc4 35. Ne5 Rc8 36. Nf3 Rd8 37. Nh4 Rf6 38. f3 Ng5 39. Re5 Ne6 40.
Rexd5 Rxd5 41. Rxd5 Qe3 42. a4 Rf4 43. Rd2 Rc4 44. Rc2 Rxh4 45. gxh4 Nf4+ 46.
Kh2 Nd3 47. Rc8+ Kh7 48. Qc2 f5 49. Qc4 Qe2+ 50. Kg1 Qf2+ 51. Kh1 Qxf3+ 52. Kh2
Qe2+ 53. Kg1 Qd1+ 54. Kh2 Qd2+ 55. Kg1 Qe3+ 56. Kh2 Kg6 57. Qg8 Qe5+ 58. Kh1
Qe4+ 59. Kh2 Qf4+ 60. Kh1 Qf3+ 61. Kh2 Qe2+ 62. Kg1 Qd1+ 63. Kh2 Qd2+ 64. Kg1
Qe1+ 65. Kh2 Qf2+ 66. Kh1 Qf3+ 67. Kh2 Qf4+ 68. Kh1 Nf2+ 69. Kg2 Ne4 70. Qe8+
Kf6 71. Qf8+ Kg6 72. Qe8+ Kf6 73. Qf8+ Kg6 1/2-1/2

[Event "BL 1718 Schwäbisch Hall - SP Schwegenh"]
[Site "?"]
[Date "2017.10.23"]
[Round "2.1"]
[White "Kantans, Toms"]
[Black "Inarkiev, Ernesto"]
[Result "1-0"]
[WhiteElo "2524"]
[BlackElo "2693"]
[PlyCount "85"]
[EventDate "2017.??.??"]

1. e4 e5 2. Nf3 Nc6 3. Bb5 a6 4. Ba4 Nf6 5. O-O Be7 6. Re1 b5 7. Bb3 d6 8. c3
O-O 9. d4 Bg4 10. Be3 Bh5 11. h3 exd4 12. cxd4 Na5 13. Nbd2 Nxb3 14. axb3 c5
15. b4 cxd4 16. Bxd4 d5 17. e5 Ne4 18. Qb3 Bg6 19. Nf1 Bf5 20. Be3 Bc8 21. Nd4
Qd7 22. Rad1 Bb7 23. Bf4 Rfd8 24. Ng3 Nxg3 25. Qxg3 Bxb4 26. Bh6 Bf8 27. Rd3
Kh8 28. Qf4 Re8 29. Rg3 Re6 30. Nxe6 Qxe6 31. Bg5 h6 32. Qh4 f6 33. Bxh6 gxh6
34. Rg6 d4 35. Rxf6 Qg8 36. f3 d3 37. e6 Bg7 38. e7 Re8 39. Ree6 Bxf6 40. Qxh6+
Qh7 41. Qf8+ Qg8 42. Rxf6 Rxf8 43. exf8=Q 1-0

[Event "BL 1718 Schwäbisch Hall - SP Schwegenh"]
[Site "?"]
[Date "2017.10.23"]
[Round "2.2"]
[White "Li, Chao"]
[Black "Shytaj, Luca"]
[Result "1-0"]
[WhiteElo "2739"]
[BlackElo "2465"]
[PlyCount "49"]
[EventDate "2017.??.??"]

1. Nf3 c5 2. c4 Nc6 3. Nc3 e6 4. e3 Nf6 5. d4 cxd4 6. exd4 d5 7. c5 Be7 8. Bb5
O-O 9. O-O Qc7 10. Re1 h6 11. g3 Rd8 12. Bf4 Qa5 13. Ba4 Ne4 14. Nxe4 dxe4 15.
Rxe4 b5 16. Bb3 Bb7 17. Qe2 Bf6 18. Bd6 Ne7 19. Bxe7 Bxe7 20. Ne5 Bxe4 21. Qxe4
Bf6 22. Nxf7 Rxd4 23. Nxh6+ gxh6 24. Qxa8+ Rd8 25. Qe4 1-0

[Event "BL 1718 Schwäbisch Hall - SP Schwegenh"]
[Site "?"]
[Date "2017.10.23"]
[Round "2.3"]
[White "Yankelevich, Lev"]
[Black "Jakovenko, Dmitry"]
[Result "0-1"]
[WhiteElo "2442"]
[BlackElo "2710"]
[PlyCount "96"]
[EventDate "2017.??.??"]

1. e4 c5 2. Nf3 d6 3. d4 cxd4 4. Nxd4 Nf6 5. Nc3 a6 6. Bg5 Nbd7 7. Qe2 h6 8.
Bh4 g6 9. f4 e5 10. fxe5 dxe5 11. O-O-O Qc7 12. Nb3 b5 13. Nd5 Nxd5 14. exd5
Bd6 15. g4 h5 16. g5 Nb6 17. h3 O-O 18. Na5 Bf5 19. Bg2 e4 20. Rhf1 Bf4+ 21.
Kb1 Rad8 22. Nc6 Rxd5 23. Nd4 Rfd8 24. Nxf5 Rxd1+ 25. Rxd1 Rxd1+ 26. Qxd1 gxf5
27. Qxh5 Qd6 28. Be1 Nc4 29. Qe2 Bxg5 30. a3 Qf4 31. Bc3 Qc1+ 32. Ka2 Nd2 33.
Bxd2 Qxd2 34. Qxd2 Bxd2 35. Kb3 Kg7 36. c4 bxc4+ 37. Kxc4 Kf6 38. b4 Ke5 39. a4
f4 40. b5 axb5+ 41. axb5 f3 42. b6 Ba5 43. b7 Bc7 44. Bh1 Kf4 45. Kd4 e3 46.
Kd3 e2 47. Kd2 Kg3 48. h4 Kf2 0-1

[Event "BL 1718 Schwäbisch Hall - SP Schwegenh"]
[Site "?"]
[Date "2017.10.23"]
[Round "2.4"]
[White "Laznicka, Viktor"]
[Black "Hoolt, Sarah"]
[Result "1-0"]
[WhiteElo "2654"]
[BlackElo "2423"]
[PlyCount "57"]
[EventDate "2017.??.??"]

1. c4 c5 2. Nf3 Nf6 3. e3 b6 4. d4 cxd4 5. exd4 Bb7 6. Bd3 e6 7. O-O Be7 8. Nc3
Nc6 9. d5 Nb4 10. Be2 Qb8 11. a3 Na6 12. b4 O-O 13. Bg5 exd5 14. cxd5 Rc8 15.
Rc1 Bf8 16. Bxf6 gxf6 17. Ne4 Qf4 18. Rxc8 Rxc8 19. Qd4 Kg7 20. g3 Qf5 21. Nh4
Qe5 22. Qxe5 fxe5 23. Nf5+ Kh8 24. Nfd6 Bxd6 25. Nxd6 Rc2 26. Re1 Rxe2 27. Rxe2
Bxd5 28. Rxe5 Be6 29. Nb5 1-0

[Event "BL 1718 Schwäbisch Hall - SP Schwegenh"]
[Site "?"]
[Date "2017.10.23"]
[Round "2.5"]
[White "Farmani Anosheh, Armin"]
[Black "Cornette, Matthieu"]
[Result "0-1"]
[WhiteElo "2321"]
[BlackElo "2602"]
[PlyCount "60"]
[EventDate "2017.??.??"]

1. d4 e6 2. c4 b6 3. e4 Bb7 4. Nc3 Bb4 5. f3 f5 6. exf5 Nh6 7. fxe6 Nf5 8. Bf4
dxe6 9. Qa4+ Nc6 10. O-O-O Nfxd4 11. Nb5 O-O 12. Bxc7 Qg5+ 13. f4 Qe7 14. Nxd4
Qxc7 15. Nxc6 Qxf4+ 16. Kb1 Qxf1 17. Rxf1 Rxf1+ 18. Kc2 Bc5 19. b4 Bxg1 20. b5
Rf2+ 21. Kb1 Rf1+ 22. Kc2 a6 23. Qb3 Raf8 24. Qd3 axb5 25. cxb5 Kh8 26. Kb3 e5
27. h4 Bc8 28. Qd5 Rb1+ 29. Kc2 Bf5+ 30. Kd2 e4 0-1

[Event "BL 1718 Schwäbisch Hall - SP Schwegenh"]
[Site "?"]
[Date "2017.10.23"]
[Round "2.6"]
[White "Michalik, Peter"]
[Black "Kraemer, Enrico"]
[Result "1-0"]
[WhiteElo "2546"]
[BlackElo "2149"]
[PlyCount "73"]
[EventDate "2017.??.??"]

1. c4 e6 2. Nc3 d5 3. d4 Nf6 4. cxd5 exd5 5. Bg5 Be7 6. e3 c6 7. Qc2 Nbd7 8.
Bd3 h6 9. Bh4 Nh5 10. Bxe7 Qxe7 11. O-O-O Nb6 12. Kb1 g6 13. h3 Be6 14. Nf3 Ng7
15. g4 O-O-O 16. a4 Kb8 17. a5 Nd7 18. a6 b6 19. e4 Rc8 20. Rhe1 h5 21. exd5
cxd5 22. g5 Qb4 23. Qd2 Ka8 24. Nb5 Qxd2 25. Rxd2 Rc6 26. Rde2 Rhc8 27. h4 Kb8
28. Nc3 Nf5 29. Na2 Ng7 30. Nb4 Rd6 31. Rc1 Rxc1+ 32. Kxc1 Ne8 33. Rc2 Nf8 34.
Ne5 Ka8 35. Bb5 Rd8 36. Bc6+ Kb8 37. Bb7 1-0

[Event "BL 1718 Schwäbisch Hall - SP Schwegenh"]
[Site "?"]
[Date "2017.10.23"]
[Round "2.7"]
[White "Flierl, Pascal"]
[Black "Womacka, Mathias"]
[Result "0-1"]
[WhiteElo "2207"]
[BlackElo "2434"]
[PlyCount "116"]
[EventDate "2017.??.??"]

1. e4 c5 2. Nc3 Nc6 3. f4 g6 4. Nf3 Bg7 5. Bb5 Nd4 6. O-O Nxb5 7. Nxb5 d5 8. e5
d4 9. c4 Nh6 10. d3 O-O 11. Rb1 f6 12. b4 b6 13. Bd2 a6 14. Na3 Qc7 15. bxc5
bxc5 16. Qe1 Bf5 17. Qe2 Nf7 18. exf6 exf6 19. Nh4 Bd7 20. Rb3 Rfe8 21. Qf2 Bc6
22. Re1 Rxe1+ 23. Qxe1 Re8 24. Qf2 Bf8 25. Rb1 Bd6 26. Nc2 Rb8 27. Ra1 Ba4 28.
Ne1 Rb2 29. g3 Bd7 30. Nef3 Qc6 31. a4 Bg4 32. Ne1 Qb7 33. Nhf3 Nh6 34. Qe2 Nf5
35. Qd1 Ne3 36. Bxe3 dxe3 37. Qc1 Bxf3 38. Nxf3 Rf2 39. Nh4 Qe7 40. Ng2 Rd2 41.
Qe1 Rxd3 42. Rd1 Rd4 43. Rc1 Re4 44. Qe2 g5 45. Rc3 gxf4 46. gxf4 Bxf4 47. Nxf4
Rxf4 48. Rxe3 Qd7 49. h3 Rd4 50. Rg3+ Kf8 51. Qh5 Rd1+ 52. Kh2 Qd2+ 53. Rg2
Qf4+ 54. Rg3 Rd2+ 55. Kh1 Qxg3 56. Qh6+ Ke7 57. Qxd2 Qxh3+ 58. Kg1 Qg4+ 0-1

[Event "BL 1718 Schwäbisch Hall - SP Schwegenh"]
[Site "?"]
[Date "2017.10.23"]
[Round "2.8"]
[White "Zpevak, Pavel"]
[Black "Mager, Denis"]
[Result "1/2-1/2"]
[WhiteElo "2342"]
[BlackElo "2283"]
[PlyCount "48"]
[EventDate "2017.??.??"]

1. d4 d5 2. c4 c6 3. cxd5 cxd5 4. Nc3 Nf6 5. Bf4 Nc6 6. e3 a6 7. Bd3 e6 8. Nf3
Bd6 9. Bg3 Qc7 10. Rc1 O-O 11. O-O Bxg3 12. hxg3 Qd6 13. a3 Bd7 14. Re1 Rac8
15. e4 dxe4 16. Nxe4 Nxe4 17. Bxe4 h6 18. d5 exd5 19. Bxd5 Qf6 20. Qb3 b5 21.
Qc3 Qxc3 22. Rxc3 Rfd8 23. Rec1 Ne7 24. Bb3 Kf8 1/2-1/2

[Event "BL 1718 SF Deizisau - OSG Baden Baden"]
[Site "?"]
[Date "2017.10.23"]
[Round "2.2"]
[White "Bluebaum, Matthias"]
[Black "Anand, Viswanathan"]
[Result "1/2-1/2"]
[WhiteElo "2643"]
[BlackElo "2783"]
[PlyCount "73"]
[EventDate "2017.??.??"]

1. d4 Nf6 2. c4 e6 3. Nf3 Bb4+ 4. Nbd2 O-O 5. a3 Be7 6. e4 d5 7. e5 Nfd7 8. Bd3
c5 9. Qc2 h6 10. O-O Nc6 11. Nb3 a5 12. Bf4 b6 13. Rfe1 dxc4 14. Bxc4 a4 15.
Nbd2 Bb7 16. d5 exd5 17. Bxd5 Nb4 18. axb4 Bxd5 19. b5 Re8 20. Rxa4 Nf8 21. Ne4
Qd7 22. Rxa8 Bxa8 23. Nc3 Ne6 24. Qf5 Rd8 25. Be3 g6 26. Qh3 h5 27. Qg3 Qd3 28.
h4 Qc2 29. Re2 Qf5 30. Ng5 Bxg5 31. Bxg5 Rd4 32. f3 Kh7 33. Kh2 Bb7 34. Kg1 Rd3
35. Kh2 Rd4 36. Kg1 Rd3 37. Kh2 1/2-1/2

[Event "BL 1718 SF Deizisau - OSG Baden Baden"]
[Site "?"]
[Date "2017.10.23"]
[Round "2.3"]
[White "Svidler, Peter"]
[Black "Meier, Georg"]
[Result "1-0"]
[WhiteElo "2760"]
[BlackElo "2655"]
[PlyCount "111"]
[EventDate "2017.??.??"]

1. Nf3 d5 2. c4 e6 3. e3 Nf6 4. b3 c5 5. Bb2 Nc6 6. cxd5 exd5 7. Bb5 Bd6 8. O-O
Bg4 9. h3 Bh5 10. Bxf6 Qxf6 11. Nc3 Qe6 12. Be2 O-O 13. Rc1 Rad8 14. Ng5 Qh6
15. Bxh5 Qxg5 16. f4 Qf5 17. Bg4 Qd3 18. Qe2 Qxe2 19. Bxe2 d4 20. Ne4 dxe3 21.
dxe3 b6 22. Bb5 Nb8 23. Kf2 Be7 24. g4 h6 25. Kf3 Rd5 26. Rfd1 Rxd1 27. Rxd1
Rc8 28. a4 Kf8 29. Nc3 Bf6 30. Nd5 Bb2 31. h4 Nc6 32. Rd2 Bc1 33. Rd1 Bb2 34.
Rd2 Bc1 35. Rd3 Nb4 36. Nxb4 cxb4 37. Bc4 Ke7 38. g5 hxg5 39. hxg5 f6 40. Rd1
Bb2 41. gxf6+ gxf6 42. Kg4 a5 43. e4 Rd8 44. Rh1 Rd2 45. Rh7+ Kd8 46. Rb7 Bd4
47. Kf5 Be3 48. Kxf6 Bxf4 49. e5 Rf2 50. Ba6 Kc8 51. e6 Bd6+ 52. Kg6 Rg2+ 53.
Kf5 Rf2+ 54. Ke4 Re2+ 55. Kd5 Rd2+ 56. Ke4 1-0

[Event "BL 1718 SF Deizisau - OSG Baden Baden"]
[Site "?"]
[Date "2017.10.23"]
[Round "2.4"]
[White "Heimann, Andreas"]
[Black "Wojtaszek, Radoslaw"]
[Result "1/2-1/2"]
[WhiteElo "2578"]
[BlackElo "2737"]
[PlyCount "30"]
[EventDate "2017.??.??"]

1. e4 c5 2. Nf3 d6 3. Bb5+ Nd7 4. d4 cxd4 5. Qxd4 a6 6. Be2 Ngf6 7. O-O e5 8.
Qe3 Nc5 9. Nc3 Be7 10. b3 Ng4 11. Qd2 Nf6 12. Qe3 Ng4 13. Qd2 Nf6 14. Qe3 Ng4
15. Qd2 Nf6 1/2-1/2

[Event "BL 1718 SF Deizisau - OSG Baden Baden"]
[Site "?"]
[Date "2017.10.23"]
[Round "2.5"]
[White "Adams, Michael"]
[Black "Graf, Alexander"]
[Result "0-1"]
[WhiteElo "2727"]
[BlackElo "2576"]
[PlyCount "50"]
[EventDate "2017.??.??"]

1. e4 e6 2. d4 d5 3. Nd2 c5 4. Ngf3 cxd4 5. Nxd4 Nc6 6. Bb5 Bd7 7. Nxc6 bxc6 8.
Bd3 Bd6 9. O-O Qc7 10. Nf3 Nf6 11. Qe2 dxe4 12. Bxe4 O-O 13. Rd1 e5 14. Bd2
Rae8 15. Ba5 Qb8 16. Ng5 Bg4 17. f3 Bh5 18. Bxc6 e4 19. Nxe4 Bxh2+ 20. Kf1 Nxe4
21. Bxe4 Bg6 22. Bc3 Bxe4 23. fxe4 f5 24. Qc4+ Kh8 25. Rd7 Qf4+ 0-1

[Event "BL 1718 SF Deizisau - OSG Baden Baden"]
[Site "?"]
[Date "2017.10.23"]
[Round "2.6"]
[White "Keymer, Vincent"]
[Black "Bacrot, Etienne"]
[Result "0-1"]
[WhiteElo "2413"]
[BlackElo "2723"]
[PlyCount "128"]
[EventDate "2017.??.??"]

1. d4 d5 2. c4 e6 3. Nc3 Be7 4. Nf3 Nf6 5. Bf4 O-O 6. e3 Nbd7 7. Be2 c6 8. O-O
b6 9. cxd5 Nxd5 10. Nxd5 exd5 11. Rc1 Bb7 12. Bd3 c5 13. dxc5 bxc5 14. Ne5 Nf6
15. Qa4 Bd6 16. Rfd1 Re8 17. Nf3 Bxf4 18. Qxf4 Qb6 19. b3 Rad8 20. Ne5 h6 21.
Ng4 Ne4 22. Ne5 Nf6 23. Ng4 Nd7 24. Bf5 h5 25. Bxd7 Rxd7 26. Ne5 Rde7 27. Nd3
d4 28. exd4 cxd4 29. Qg5 Ba6 30. h3 Bxd3 31. Rxd3 Re1+ 32. Rxe1 Rxe1+ 33. Kh2
Qc7+ 34. Qg3 Qc1 35. Qh4 g5 36. Qxd4 h4 37. g3 Rh1+ 38. Kg2 Qf1+ 39. Kf3 hxg3
40. Rc3 Qxf2+ 41. Qxf2 gxf2 42. Kxf2 Rh2+ 43. Kg3 Rxa2 44. Kg4 Ra5 45. Rc7 Kg7
46. Kh5 Kf6 47. b4 Ra6 48. Rc5 Ra3 49. Rc6+ Kf5 50. Rc5+ Ke6 51. Kxg5 Rxh3 52.
Ra5 Rh7 53. Ra6+ Kd5 54. Ra5+ Kc4 55. Kf6 a6 56. Kg5 Rg7+ 57. Kf6 Kxb4 58. Ra1
Rg3 59. Kxf7 a5 60. Ke6 a4 61. Kd5 a3 62. Rb1+ Kc3 63. Rb8 a2 64. Ra8 Kb2 0-1

[Event "BL 1718 SF Deizisau - OSG Baden Baden"]
[Site "?"]
[Date "2017.10.23"]
[Round "2.7"]
[White "Naiditsch, Arkadij"]
[Black "Dautov, Rustem"]
[Result "1-0"]
[WhiteElo "2702"]
[BlackElo "2596"]
[PlyCount "137"]
[EventDate "2017.??.??"]

1. e4 c6 2. Nc3 d5 3. Nf3 Bg4 4. h3 Bxf3 5. Qxf3 e6 6. d3 Nf6 7. Qg3 Nh5 8. Qh2
Bb4 9. Be2 Nf6 10. O-O O-O 11. Qg3 Kh8 12. e5 Nfd7 13. d4 Be7 14. a3 c5 15.
dxc5 Bxc5 16. Bd3 Nc6 17. Bg5 Be7 18. Bxe7 Qxe7 19. f4 Nc5 20. Rae1 Nxd3 21.
cxd3 f6 22. exf6 Qxf6 23. Qg4 Rae8 24. Kh2 a6 25. Na4 Nd4 26. Nc3 g6 27. Qd1
Nf5 28. Re5 Qg7 29. d4 Qc7 30. Rfe1 Re7 31. Qd2 Qd6 32. g3 Rff7 33. g4 Ng7 34.
Kg2 Rc7 35. Nd1 Qb6 36. Nf2 Rc4 37. Rd1 Qc6 38. Re2 Rc7 39. Qe3 Qb6 40. Qe5 Kg8
41. Rdd2 Rf7 42. Nd1 Qc7 43. Ne3 Qxe5 44. fxe5 Rcc7 45. Rc2 Ne8 46. a4 Rxc2 47.
Rxc2 Rc7 48. a5 Kf8 49. Kf3 Ke7 50. Ke2 Rxc2+ 51. Nxc2 Nc7 52. Na1 Nb5 53. Kd3
Na7 54. b4 Nc6 55. Kc3 Nb8 56. Nb3 Nd7 57. g5 Kd8 58. b5 axb5 59. Kb4 Kc8 60.
Kxb5 Kb8 61. Nc5 Nxc5 62. Kxc5 Kc7 63. Kb5 Kc8 64. Kb6 Kb8 65. a6 bxa6 66. Kxa6
Kc7 67. Kb5 Kb7 68. Kc5 Kc7 69. h4 1-0

[Event "BL 1718 SF Deizisau - OSG Baden Baden"]
[Site "?"]
[Date "2017.10.23"]
[Round "2.8"]
[White "Schlosser, Philipp"]
[Black "Kasimdzhanov, Rustam"]
[Result "0-1"]
[WhiteElo "2503"]
[BlackElo "2676"]
[PlyCount "82"]
[EventDate "2017.??.??"]

1. c4 e5 2. Nc3 Nf6 3. e3 Nc6 4. a3 g6 5. Nf3 Bg7 6. Be2 O-O 7. O-O d5 8. cxd5
Nxd5 9. Qc2 a5 10. d3 Be6 11. Rb1 h6 12. Bd2 Qe7 13. Rfc1 Rfd8 14. Na4 Qe8 15.
Bf1 Kh7 16. Nc3 Qe7 17. Na4 Bg4 18. Be1 Bxf3 19. gxf3 Qg5+ 20. Kh1 Nce7 21. Qc4
Qf6 22. Be2 c6 23. Qg4 Qd6 24. Qh3 f5 25. Bd2 Rf8 26. Rc2 h5 27. Rbc1 Bh6 28.
Nc3 Nf6 29. Qg2 b5 30. Na2 Qe6 31. b4 a4 32. Nc3 Rad8 33. Qf1 Rd7 34. Nb1 Rd6
35. Bc3 g5 36. Nd2 Ng6 37. Bb2 g4 38. h3 g3 39. Re1 f4 40. exf4 Bxf4 41. fxg3
Bxg3 0-1

[Event "BL 1718 MSA Zugzwang - DJK Aachen"]
[Site "?"]
[Date "2017.10.23"]
[Round "2.1"]
[White "Iturrizaga Bonelli, Eduardo"]
[Black "Mons, Leon"]
[Result "1/2-1/2"]
[WhiteElo "2665"]
[BlackElo "2500"]
[PlyCount "59"]
[EventDate "2017.??.??"]

1. Nf3 Nf6 2. c4 b6 3. g3 Bb7 4. Bg2 g6 5. O-O Bg7 6. d4 O-O 7. Nc3 Ne4 8. Nxe4
Bxe4 9. Bg5 c5 10. Qd2 cxd4 11. Nxd4 Bxg2 12. Kxg2 Nc6 13. Nf3 d6 14. Rac1 Qd7
15. Bh6 Qf5 16. h4 Qa5 17. Qe3 Qc5 18. Qf4 Qf5 19. Qxf5 gxf5 20. Bxg7 Kxg7 21.
Rfe1 Rac8 22. e4 fxe4 23. Rxe4 Rc7 24. Rd1 h6 25. b3 Rd8 26. Ng1 Rcd7 27. Ne2
d5 28. cxd5 Rxd5 29. Rg4+ Kf8 30. Rxd5 1/2-1/2

[Event "BL 1718 MSA Zugzwang - DJK Aachen"]
[Site "?"]
[Date "2017.10.23"]
[Round "2.2"]
[White "Kindermann, Stefan"]
[Black "Parligras, Mircea Emilian"]
[Result "1/2-1/2"]
[WhiteElo "2502"]
[BlackElo "2616"]
[PlyCount "115"]
[EventDate "2017.??.??"]

1. d4 Nf6 2. Bg5 d5 3. e3 c5 4. Bxf6 gxf6 5. Nc3 e6 6. Qh5 Nd7 7. Nf3 b6 8. e4
dxe4 9. d5 exd5 10. Qxd5 Rb8 11. Qxe4+ Qe7 12. O-O-O Qxe4 13. Nxe4 b5 14. g3 f5
15. Nd6+ Bxd6 16. Rxd6 Ke7 17. Rd5 Ke6 18. Rd1 Kf6 19. Bh3 Nb6 20. Rd6+ Be6 21.
Rhd1 Nc4 22. Ra6 Rb7 23. Rc6 Rc8 24. Rxc8 Bxc8 25. b3 Nb6 26. Rd6+ Be6 27. Rc6
Nd7 28. Nh4 Rb6 29. Rc7 Ra6 30. Bxf5 Bxf5 31. Nxf5 Ne5 32. Rxc5 Kxf5 33. f4 f6
34. fxe5 fxe5 35. Kd2 Rh6 36. h4 Rg6 37. Rxb5 Rxg3 38. Rb7 Rg2+ 39. Ke3 Rxc2
40. Rxa7 Rc3+ 41. Kd2 Rh3 42. Rxh7 Rh2+ 43. Kc3 Rxa2 44. b4 e4 45. Re7 Rh2 46.
h5 Kf4 47. Kd4 Rd2+ 48. Kc3 Rd6 49. b5 e3 50. Kc4 Kf3 51. Kc5 Rh6 52. b6 Rxh5+
53. Kc6 Rh1 54. b7 Rb1 55. Kc7 e2 56. b8=Q Rxb8 57. Kxb8 Kf2 58. Rxe2+ 1/2-1/2

[Event "BL 1718 MSA Zugzwang - DJK Aachen"]
[Site "?"]
[Date "2017.10.23"]
[Round "2.3"]
[White "Bindrich, Falko"]
[Black "Bromberger, Stefan"]
[Result "1-0"]
[WhiteElo "2598"]
[BlackElo "2505"]
[PlyCount "68"]
[EventDate "2017.??.??"]

1. d4 Nf6 2. c4 e6 3. Nc3 Bb4 4. Qc2 d5 5. a3 Bxc3+ 6. Qxc3 O-O 7. Bg5 h6 8.
Bxf6 Qxf6 9. Nf3 dxc4 10. Qxc4 Nc6 11. Rd1 Re8 12. Qc3 Qg6 13. g3 Qe4 14. Bg2
e5 15. dxe5 Nxe5 16. O-O Nc6 17. Rd2 Qe7 18. b4 Bg4 19. h3 Bf5 20. b5 Nd8 21.
Nd4 Bg6 22. Rc1 a6 23. a4 axb5 24. axb5 Rc8 25. b6 c6 26. Nb5 Ra8 27. Nc7 Ra3
28. Qb2 Rf8 29. Rcd1 Ra4 30. Rd7 Qb4 31. Qxb4 Rxb4 32. Rxd8 Rxb6 33. e4 Rb4 34.
f4 f5 1-0

[Event "BL 1718 MSA Zugzwang - DJK Aachen"]
[Site "?"]
[Date "2017.10.23"]
[Round "2.4"]
[White "Hoffmeyer, Falk"]
[Black "Handke, Florian"]
[Result "0-1"]
[WhiteElo "2377"]
[BlackElo "2525"]
[PlyCount "136"]
[EventDate "2017.??.??"]

1. Nf3 Nf6 2. e3 g6 3. d4 Bg7 4. c4 O-O 5. Be2 c5 6. d5 e6 7. Nc3 exd5 8. cxd5
d6 9. O-O a6 10. a4 Bg4 11. h3 Bxf3 12. Bxf3 Nbd7 13. Bd2 c4 14. a5 Nc5 15. Na4
Nfd7 16. Nxc5 Nxc5 17. Qc2 Nb3 18. Ra4 b5 19. axb6 Nxd2 20. Qxd2 Qxb6 21. Rxc4
Qxb2 22. Qxb2 Bxb2 23. Rb1 Rfb8 24. Bd1 a5 25. Ba4 Ba3 26. Rxb8+ Rxb8 27. Kf1
Bc5 28. Rc2 h5 29. Ke2 Kg7 30. Ra2 Rb4 31. Kf3 g5 32. Bd7 Bb6 33. g4 h4 34. Bc6
Kf6 35. Be8 Ke7 36. Bc6 Kf6 37. Be8 Rb1 38. Bc6 Ke5 39. Ra4 Rb2 40. Re4+ Kf6
41. Ra4 Rd2 42. Ra1 Rb2 43. Ra4 Kg6 44. Bd7 Rd2 45. Bc6 Bd8 46. Ra3 Rb2 47. Ra4
Kg7 48. Kg2 Rc2 49. Kf3 Bf6 50. Kg2 Be5 51. Kf1 Rc5 52. Ra2 Rc1+ 53. Kg2 Bc3
54. Ba4 Bb4 55. Bc6 Kf6 56. Kf3 Rg1 57. Be8 Ke7 58. Bb5 f5 59. gxf5 g4+ 60. Ke4
gxh3 61. f4 Rg2 62. Ra1 h2 63. Rh1 Bc5 64. Kd3 Kf6 65. Bd7 h3 66. Bb5 Ra2 67.
Bc4 Rb2 68. Kc3 Rg2 0-1

[Event "BL 1718 MSA Zugzwang - DJK Aachen"]
[Site "?"]
[Date "2017.10.23"]
[Round "2.5"]
[White "Zaragatski, Ilja"]
[Black "Schramm, Christian"]
[Result "0-1"]
[WhiteElo "2495"]
[BlackElo "2368"]
[PlyCount "78"]
[EventDate "2017.??.??"]

1. c4 Nf6 2. g3 g6 3. Bg2 Bg7 4. Nc3 O-O 5. d3 c5 6. Rb1 Nc6 7. a3 a5 8. e4 Ne8
9. Be3 d6 10. Nge2 Nc7 11. O-O Rb8 12. d4 cxd4 13. Nxd4 Nxd4 14. Bxd4 Bxd4 15.
Qxd4 b5 16. Rfd1 b4 17. axb4 axb4 18. Nd5 Nxd5 19. exd5 Bf5 20. Ra1 Qc7 21. Ra7
Rb7 22. Rda1 Rfb8 23. h4 h5 24. R1a6 Qc8 25. Rc6 Qf8 26. Rxb7 Rxb7 27. c5 dxc5
28. Qxc5 b3 29. Ra6 Qg7 30. Qa3 Qe5 31. Kh2 Qe2 32. Rxg6+ Bxg6 33. Qa8+ Kg7 34.
Qxb7 Qxb2 35. Qxe7 Qf6 36. d6 b2 37. Be4 Qxf2+ 38. Kh3 Bf5+ 39. Bxf5 Qxf5+ 0-1

[Event "BL 1718 MSA Zugzwang - DJK Aachen"]
[Site "?"]
[Date "2017.10.23"]
[Round "2.6"]
[White "Gerigk, Erasmus"]
[Black "Swinkels, Robin"]
[Result "1/2-1/2"]
[WhiteElo "2339"]
[BlackElo "2486"]
[PlyCount "62"]
[EventDate "2017.??.??"]

1. e4 e5 2. Nf3 Nc6 3. Bc4 Bc5 4. O-O Nf6 5. d3 a6 6. Bb3 O-O 7. h3 Re8 8. c3
Ba7 9. Re1 d6 10. Nbd2 Be6 11. Nf1 h6 12. Ng3 d5 13. Bc2 Qd7 14. Nh2 dxe4 15.
dxe4 Qxd1 16. Rxd1 Rad8 17. Rxd8 Rxd8 18. Nhf1 Ne7 19. Be3 Bxe3 20. Nxe3 h5 21.
a3 Kf8 22. Rd1 Rxd1+ 23. Nxd1 Nc8 24. h4 Nd6 25. f3 Nc4 26. Kf2 g6 27. Nf1 Ne8
28. Nfe3 Ned6 29. Ke2 Ke7 30. Nxc4 Nxc4 31. Bd3 Nb6 1/2-1/2

[Event "BL 1718 MSA Zugzwang - DJK Aachen"]
[Site "?"]
[Date "2017.10.23"]
[Round "2.7"]
[White "Hoffmann, Michael"]
[Black "Eichler, Christoph"]
[Result "1/2-1/2"]
[WhiteElo "2462"]
[BlackElo "2286"]
[PlyCount "61"]
[EventDate "2017.??.??"]

1. d4 d5 2. c4 e6 3. Nc3 Nf6 4. Bg5 Be7 5. e3 h6 6. Bh4 O-O 7. Nf3 Ne4 8. Bxe7
Qxe7 9. Rc1 c6 10. Bd3 Nxc3 11. Rxc3 Nd7 12. Qc2 dxc4 13. Bxc4 e5 14. O-O exd4
15. exd4 Nb6 16. Re1 Qd6 17. Bb3 Nd5 18. Bxd5 Qxd5 19. Re5 Qd6 20. h3 Be6 21.
a3 Bd5 22. Nd2 Rad8 23. Rce3 Be6 24. Nf3 Qc7 25. Qc3 Rd5 26. Rxd5 Bxd5 27. Qc5
b6 28. Qc3 Bxf3 29. Rxf3 Rd8 30. Re3 Qd6 31. Re4 1/2-1/2

[Event "BL 1718 MSA Zugzwang - DJK Aachen"]
[Site "?"]
[Date "2017.10.23"]
[Round "2.8"]
[White "Lammers, Markus"]
[Black "Braun, Christian"]
[Result "1-0"]
[WhiteElo "2308"]
[BlackElo "2369"]
[PlyCount "41"]
[EventDate "2017.??.??"]

1. Nf3 Nf6 2. c4 g6 3. d4 Bg7 4. Nc3 d5 5. e3 O-O 6. Be2 c5 7. O-O cxd4 8. exd4
Nc6 9. Re1 dxc4 10. Bxc4 Bg4 11. d5 Na5 12. Be2 Rc8 13. h3 Bxf3 14. Bxf3 Nc4
15. Qb3 Qd7 16. Re2 Rfe8 17. Bg5 Qf5 18. Bxf6 Qxf6 19. Bg4 Rc7 20. d6 Rc6 21.
d7 1-0

[Event "BL 1718 Bayern München - SG Solingen"]
[Site "?"]
[Date "2017.10.23"]
[Round "2.1"]
[White "Ragger, Markus"]
[Black "Dragnev, Valentin"]
[Result "1/2-1/2"]
[WhiteElo "2659"]
[BlackElo "2466"]
[PlyCount "108"]
[EventDate "2017.??.??"]

1. e4 e5 2. Nf3 Nc6 3. Bc4 Bc5 4. c3 Nf6 5. d3 O-O 6. Bg5 h6 7. Bh4 Be7 8. Nbd2
d6 9. a4 a5 10. Bg3 Nd7 11. O-O Nb6 12. Bb3 Kh8 13. Re1 f5 14. exf5 Bxf5 15.
Qe2 Qd7 16. h3 Rae8 17. Nf1 Bf6 18. Ne3 Be6 19. Bc2 Nd5 20. Nxd5 Bxd5 21. Nh4
Qf7 22. Nf5 Bg5 23. d4 Bb3 24. Bxb3 Qxb3 25. Qg4 Qe6 26. Nh4 Qxg4 27. Ng6+ Kg8
28. hxg4 Rf6 29. Nh4 Bxh4 30. Bxh4 Rff8 31. d5 Nb8 32. f3 Nd7 33. b4 Ra8 34.
Reb1 b6 35. Bg3 Ra7 36. b5 Raa8 37. Re1 Rf7 38. Rad1 Raf8 39. Re4 g5 40. Rc4
Nf6 41. Rc6 Rc8 42. Bf2 Nd7 43. Rc4 Kf8 44. Be3 Ke7 45. Kf2 Rff8 46. Ke2 Nf6
47. Rc6 Kd7 48. Rh1 Ng8 49. Rc4 Rf6 50. Rd1 Ne7 51. Re4 Rh8 52. c4 Ra8 53. Rh1
Ng8 54. Bc1 Rg6 1/2-1/2